000
00240nam a2200097Ia 4500
001
640191
005
20250826153442.0
008
250824s9999 xx 000 0 und d
245
0
_a
12 Devlerin Savaşı
_c
R. L. Stine
260
_b
BEYAZ BALİNA
999
_c
640191
_d
640191